000 00693nam a2200277Ia 4500
003 OSt
005 20221006160057.0
006 a|||||r|||| 00| 0
007 ta
008 221006b |||||||| |||| 00| 0 chi d
020 _a100192036
024 _a44,223
037 _cTextual
040 _aEASL
_cEASL
_bchi
041 _2chi
_achi
082 _aO41,3M81, L37
100 _aLu Xun
245 0 _aHan wenxueshi gangyao
260 _aBeijing
_bRenmin Wenxue Chubanshe China
_c1973
300 _a60p.
_ccm.
490 _v CL
650 _a CL
_9642733
650 _aChinese Literature
942 _hO41,3M81, L37
_cTEXL
_2CC
999 _c1112315
_d1112315